Central Library OPAC University of Rajshahi

The history of India as told by its own historians : (Record no. 66338)

MARC details
000 -LEADER
fixed length control field 00811nam a2200253 a 4500
001 - CONTROL NUMBER
control field 66338
003 - CONTROL NUMBER IDENTIFIER
rucl marc code BD-RjUL
005 - DATE AND TIME OF LATEST TRANSACTION
control field 20211209081527.0
008 - FIXED-LENGTH DATA ELEMENTS--GENERAL INFORMATION
fixed length control field 170315r19521871ii 000 0 eng d
035 ## - SYSTEM CONTROL NUMBER
System control number (BD-RjUL)66468
040 ## - CATALOGING SOURCE
Original cataloging agency BD-RjUL
Language of cataloging eng
Transcribing agency BD-RjUL
Modifying agency BD-RjUL
041 ## - LANGUAGE CODE
Language code of text/sound track or separate title eng
082 ## - DEWEY DECIMAL CLASSIFICATION NUMBER
Edition number 23
Classification number 954.02
Author mark and year ELH 1952
090 ## - LOCALLY ASSIGNED LC-TYPE CALL NUMBER (OCLC); LOCAL CALL NUMBER (OCLC)
Classification number (OCLC) (R) ; Classification number, CALL (RLIN) (NR) DS436
Local cutter number (OCLC) ; Book number/undivided call number, CALL (RLIN) .E4 1952
100 1# - MAIN ENTRY--PERSONAL NAME
Personal name Elliot, H. M.
Fuller form of name (Henry Miers),
9 (RLIN) 196332
245 14 - TITLE STATEMENT
Title The history of India as told by its own historians :
Remainder of title The Muhammadan period /
Statement of responsibility, etc. H.M. Elliot
250 ## - EDITION STATEMENT
Edition statement 2nd ed.
260 ## - PUBLICATION, DISTRIBUTION, ETC. (IMPRINT)
Place of publication, distribution, etc. Calcutta :
Name of publisher, distributor, etc. Susil Gupta (India),
Date of publication, distribution, etc. 1952
300 ## - PHYSICAL DESCRIPTION
Pagination 165 p.;
Size 14 cm
500 ## - GENERAL NOTE
General note Tabakat-I-Akbari of Nizamu-D-Din Ahmad, Bakhshi,Part-2.
651 ## - SUBJECT ADDED ENTRY--GEOGRAPHIC NAME
Geographic name India
General subdivision History
Chronological subdivision 1000-1526.
9 (RLIN) 197191
700 1# - ADDED ENTRY--PERSONAL NAME
Personal name Dowson, John,
Dates associated with a name 1820-1881.
942 ## - ADDED ENTRY ELEMENTS (KOHA)
Source of classification or shelving scheme Dewey Decimal Classification
Koha item type Books
Holdings
Lost status Source of classification or shelving scheme Damaged status Not for loan Collection code Permanent Location Current Location Shelving location Date acquired Source of acquisition Cost, normal purchase price Total Checkouts Full call number Date last seen Copy number Koha item type
  Dewey Decimal Classification   Not For Loan Non-fiction Central Library, University of Rajshahi Central Library, University of Rajshahi Reading Room 09/12/2021 Pub. United Ltd. 4.80   954.02 ELH 1952 15/03/2017 C-1 Books